000 00986nam a2200265Ia 4500
003 OSt
005 20220918110701.0
006 a|||||r|||| 00| 0
007 ta
008 220915b |||||||| |||| 00| 0 hin d
020 _c40ण्00
024 _a167113
037 _cReference Collections
040 _aARTS
_cARTS
_bhin
041 _2hin
_ahin
082 _aO152,1(Delta25):g, L4(RR)
100 _aतिवारी, नन्दकिशोर
_98977
245 0 _aमध्ययुग के भक्ति काव्य में माया
246 _aMadhyayug ke bhakti kāvya mean māyā
260 _aइलाहाबाद
_bशोध साहित्य प्रकाशन भारत
_c1974
300 _a398 पृ0
650 _aहिन्दी साहित्य
942 _hO152,1(Delta25):g, L4(RR)
_cREF
999 _c113992
_d113992